00898 a2200145 4500020001500000082001900015100002200034245007500056260004400131300002500175505042200200650009000622655002000712700002000732 a1565842138 a700.904bL765s aLippard, Lucy R.  aOverley:bContemporary Art and the Art of prehistorycLucy R. Lippard  aNew YorkbThe New Press, New Yorkc1983 a266 p. : billc24cm tOverlay is Lucy Lippard's classic book on contemporary art and its connection to prehistoric sites and symbols. Viewed by critics, artists, art historians, and students as the essential text on how prehistoric images have been "overlayed" onto contemporary art by today's artists, Overlay is for anyone interested in the possibility of reintegrating art into the fabric of society as a whole, as in prehistoric times. acritica de arte varte contemporaneo, arte de la prehistorico, arte modernozNew york aCritica de arte aLucy R. Lippard